| 000 | 00963nam a2200241 i 4500 | ||
|---|---|---|---|
| 001 | 38461 | ||
| 003 | ES-MaACL | ||
| 005 | 20250513063019.0 | ||
| 007 | t| | ||
| 008 | 030225s1949 sp ||||1| spa d | ||
| 100 | 1 |
_aCalderón de la Barca, Pedro, _d1600-1681 _eaut _9239594 |
|
| 245 | 1 | 0 |
_aHistorias de Calderón de la Barca _b: narradas por Fernando Castán Palomar / _cPedro Calderón de la Barca ; con ilustraciones de Zaragüeta. |
| 260 |
_aMadrid : _bBoris Bureba, _c1949 ( _fSamarán) |
||
| 300 |
_a140 p. : _bil. ; _c21 cm. |
||
| 490 | 1 |
_aTe voy a contar... ; _v4 |
|
| 505 | 8 | _aContiene: El Príncipe constante ; La vida es sueño ; El Mágico prodigioso ; El astrólogo fingido ; El Alcalde de Zalamea ; La Dama duende | |
| 650 | 1 | 4 |
_a _9239546 |
| 700 | 1 |
_aCastán Palomar, Fernando, _d1898-1963 _936390 |
|
| 830 | 0 |
_aTe voy a contar... ; _v4 _9229675 |
|
| 852 |
_aES-MaACL _jB-7828 _bR.28845 |
||
| 942 | _2udc | ||
| 999 |
_c38461 _d38461 |
||